Guía introducción a la gestión e infraestructura de un centro cultural comunal.

I tiakina i:
Ngā taipitopito rārangi puna kōrero
Kaituhi rangatōpū: Consejo Nacional de la Cultura y las Artes (CNCA) (autor)
Hōputu: Pukapuka
Reo:Pāniora
I whakaputaina: Valparaíso, Chile: Consejo Nacional de la Cultura y las Artes; Gobierno de Chile, 2011.
Putanga:Segunda edición.
Rangatū:Manuales de Gestión Cultural.
Ngā marau:
Ngā Tūtohu: Tāpirihia he Tūtohu
Kāore He Tūtohu, Me noho koe te mea tuatahi ki te tūtohu i tēnei pūkete!

MARC

LEADER 00000nam a22000007a 4500
003 CL-VaPUC
005 20250321101930.0
008 250122t2011 ||||| |||| 00| 0 spa d
999 |c 446749  |d 446747 
020 |a 978-956-8327-51-4 
040 |c Pontificia Universidad Católica de Valparaíso 
082 |2 22  |a 306.0983 CON 2011 
110 |9 520896  |a Consejo Nacional de la Cultura y las Artes (CNCA)  |e autor 
245 |a Guía introducción a la gestión e infraestructura de un centro cultural comunal. 
250 |a Segunda edición. 
260 |a Valparaíso, Chile:  |b Consejo Nacional de la Cultura y las Artes;  |b Gobierno de Chile,  |c 2011. 
300 |a 63 páginas. 
490 |a Manuales de Gestión Cultural. 
500 |a c.1 Instituto Arcos. 08-01-2025 
583 |c 20250122  |k Yessy Sthefany Diaz Vidal 
650 0 |9 373824  |a Centros culturales  |v Implementación  |x Metodologías, gestión, etc. 
650 0 |9 373824  |a Centros culturales  |x Proyectos arquitectónicos  |z Chile  |v Fichas 
942 |2 ddc  |c BK  |n 0 
952 |0 0  |1 0  |2 ddc  |4 0  |6 306_098300000000000_CON_2011  |7 0  |8 A  |9 599770  |a BIBINC  |b BIBINC  |d 2025-01-22  |e Instituto Arcos  |i 5664755  |o 306.0983 CON 2011  |p 5664755  |r 2025-01-22  |t 1  |w 2025-01-22  |y BK  |k IFP